000 00283nam a22001217a 4500
082 _a001
_bRAM/K
100 _aRAMESH, M.S
245 _aKEYBOARD MADE SIMPLE
260 _aBANGALORE
_bSADHANA PUBLICATIONS
300 _a91
650 _aMUSICAL INSTRUMENTS TRAINING
_zINDIA
942 _cBK
999 _c1933
_d1933